Biodiversity of Cambodia: (Registro nro. 20535)

Detalles MARC
000 -CABECERA
Campo de control 01112nam a22003377a 4500
005 - FECHA Y HORA DE LA ULTIMA TRANSACCION
Campo de control 20191030043144.0
008 - ELEMENTOS DE LONGITUD FIJA—INFORMACION GENERAL
Campo de control 191030b xxu||||| |||| 00| 0 spa d
020 ## - ISBN
ISBN 9788997462407
040 ## - FUENTE DE CATALOGACIÓN
Agencia catalogadora original CO-BoIAVH
Agencia transcriptora CO-BoIAVH
041 ## - IDIOMA
Código de idioma para texto/pista de sonido o título separado Inglés
044 ## - PAÍS DE PUBLICACIÓN
País de publicación Corea (Sur)
082 ## - NUMERO DE CLASIFICACION DECIMAL DEWEY
Número de clasificación 333.95074
Número del ítem L51b
100 1# - ASIENTO PRINCIPAL--NOMBRE PERSONAL
9 (RLIN) 101285
Nombre personal Lee, Woo-Shin
245 ## - MENCION DE TITULO
Título Biodiversity of Cambodia:
Parte restante del título Cardamom Protected forest & Seima Biodiversity Conservation Area.
260 ## - PUBLICACION, DISTRIBUCION, ETC. (PIE DE IMPRENTA)
Lugar de publicación, distribución, etc. Incheon:
Nombre del editor, distribuidor, etc. National Institute of Biological Resources,
Fecha de publicación, distribución, etc. 2012.
300 ## - DESCRIPCION FISICA
Extensión 341 Páginas:
Otros detalles físicos fotografías,
Dimensiones 22 x 15 cm.
490 ## - MENCION DE SERIE
Mención de serie Biodiversity of Cambodia.
650 #0 - ASIENTO SECUNDARIO DE MATERIA - TERMINO TEMATICO
9 (RLIN) 73304
Término temático o nombre geográfico como elemento de entrada Guía Ilustrada
650 #0 - ASIENTO SECUNDARIO DE MATERIA - TERMINO TEMATICO
9 (RLIN) 72878
Término temático o nombre geográfico como elemento de entrada Catálogo especies
650 #0 - ASIENTO SECUNDARIO DE MATERIA - TERMINO TEMATICO
9 (RLIN) 54
Término temático o nombre geográfico como elemento de entrada Biodiversidad
650 #0 - ASIENTO SECUNDARIO DE MATERIA - TERMINO TEMATICO
9 (RLIN) 23824
Término temático o nombre geográfico como elemento de entrada Conservación de los recursos naturales
700 ## - ASIENTO SECUNDARIO - NOMBRE PERSONAL
9 (RLIN) 101834
Nombre personal Ahn, Yeonsoon
700 ## - ASIENTO SECUNDARIO - NOMBRE PERSONAL
9 (RLIN) 101835
Nombre personal Kim, Yong-Jin
700 ## - ASIENTO SECUNDARIO - NOMBRE PERSONAL
9 (RLIN) 101836
Nombre personal Lim, Moonsoo
700 ## - ASIENTO SECUNDARIO - NOMBRE PERSONAL
9 (RLIN) 101837
Nombre personal Lee, Byoung-Hee
700 ## - ASIENTO SECUNDARIO - NOMBRE PERSONAL
9 (RLIN) 101786
Nombre personal Kimsun, Chheng
700 ## - ASIENTO SECUNDARIO - NOMBRE PERSONAL
9 (RLIN) 101838
Nombre personal Ang, Chea Sam
700 ## - ASIENTO SECUNDARIO - NOMBRE PERSONAL
9 (RLIN) 101839
Nombre personal Masphal, Kry
700 ## - ASIENTO SECUNDARIO - NOMBRE PERSONAL
9 (RLIN) 101840
Nombre personal Park, Sungjin
942 ## - ELEMENTOS ADICIONALES (KOHA)
Sistema de clasificación Dewey Decimal Classification
Tipo de ítem Libro
Existencias
Withdrawn status Lost status Sistema de Clasificación Damaged status No para préstamo Colección Ubicación Permanente Ubicación actual Fecha de adquisición Total Checkouts Número topográfico Inventario / Código de Barras Date last seen Ejemplar Price effective from Forma de adquisición Tipo de material
    Dewey Decimal Classification     General Bogotá Bogotá 30/10/2019   LB-333.95074 L51b 043656 30/10/2019 Ej.1 30/10/2019 Canje Libro